[Event "43. Olimpiada Batumi 2018 Femenina"]
[Site "Batumi GEO"]
[Date "2018.10.01"]
[Round "7.4"]
[White "Khotenashvili, Bela"]
[Black "Padmini, Rout"]
[Result "1/2-1/2"]
[WhiteElo "2469"]
[BlackElo "2338"]
[PlyCount "118"]
[EventDate "2018.09.24"]
[EventType "team-swiss"]
[EventRounds "11"]
[EventCountry "GEO"]
[SourceTitle "Ajedrez en Madrid"]
[Source "lmi"]
[SourceDate "2018.09.24"]
[WhiteTeam "Georgia 1"]
[BlackTeam "India"]
[BlackTeamCountry "IND"]

1. d4 Nf6 2. c4 g6 3. Nc3 d5 4. cxd5 Nxd5 5. e4 Nxc3 6. bxc3 Bg7 7. Qa4+ Qd7 8.
Bb5 c6 9. Be2 O-O 10. Nf3 c5 11. Qa3 cxd4 12. cxd4 Nc6 13. Be3 Nxd4 14. Nxd4
Bxd4 15. Rd1 e5 16. O-O Re8 17. Bc4 Qe7 18. Qxe7 Rxe7 19. Bxd4 exd4 20. Rxd4
Be6 21. Bxe6 Rxe6 22. Rc1 Rae8 23. f3 R8e7 24. a4 Kg7 25. h4 h5 26. Kf2 Re5 27.
Ke3 Ra5 28. Kf4 b5 29. Rc5 Rxa4 30. Rxa4 bxa4 31. Ra5 Rb7 32. Rxa4 Rb2 33. g3
Rb7 34. Ra6 Rc7 35. g4 hxg4 36. Kxg4 Rb7 37. Ra5 Rc7 38. Ra6 Rb7 39. h5 gxh5+
40. Kxh5 f6 41. Kg4 Kf7 42. Ra5 Kg6 43. Ra6 Kf7 44. f4 Rc7 45. Kf5 Rc5+ 46. e5
fxe5 47. fxe5 Rc7 48. Rh6 Kg7 49. Rg6+ Kf8 50. Kf6 Rf7+ 51. Ke6 Re7+ 52. Kd5
Rd7+ 53. Ke4 Rb7 54. Rh6 Rb6 55. Rh7 Ra6 56. Kf5 Ke8 57. Rb7 Rb6 58. Rxa7 Rc6
59. e6 Rc1 1/2-1/2

[Event "43. Olimpiada Batumi 2018 Femenina"]
[Site "Batumi GEO"]
[Date "2018.10.01"]
[Round "7.1"]
[White "Frayna, Janelle Mae"]
[Black "Melia, Salome"]
[Result "1/2-1/2"]
[WhiteElo "2287"]
[BlackElo "2391"]
[PlyCount "109"]
[EventDate "2018.09.24"]
[EventType "team-swiss"]
[EventRounds "11"]
[EventCountry "GEO"]
[SourceTitle "Ajedrez en Madrid"]
[Source "lmi"]
[SourceDate "2018.09.24"]
[WhiteTeam "Philippines"]
[BlackTeam "Georgia 2"]
[WhiteTeamCountry "PHI"]

1. Nf3 Nf6 2. c4 d6 3. g3 g6 4. Bg2 Bg7 5. Nc3 O-O 6. d4 Nbd7 7. O-O e5 8. e4
exd4 9. Nxd4 Re8 10. Re1 Nc5 11. h3 Bd7 12. Bf4 h6 13. Qc2 Qc8 14. Kh2 Nh7 15.
Be3 Ng5 16. h4 Nh7 17. b4 Ne6 18. Rad1 Nf6 19. Nxe6 Ng4+ 20. Kg1 Nxe3 21. Rxe3
Bxe6 22. Nd5 h5 23. Ra3 Bg4 24. Rc1 c6 25. Ne3 Be6 26. Rd1 Qc7 27. Rad3 a5 28.
bxa5 Qxa5 29. Qb1 Ra7 30. Rxd6 Qxa2 31. Qxa2 Rxa2 32. Rb1 Rb2 33. Rxb2 Bxb2 34.
Rd1 Ba3 35. Rb1 Re7 36. Bf1 Bc5 37. Kg2 Bxe3 38. fxe3 Bg4 39. Bd3 Kg7 40. Kf2
Rd7 41. Rb3 Kf6 42. c5 Ke7 43. Rc3 Kd8 44. Ke1 Re7 45. Kd2 Kc7 46. Rc4 Re8 47.
Ra4 Re5 48. Rc4 Re8 49. Ra4 Re6 50. Be2 Bh3 51. Bf3 Rf6 52. Ke2 Re6 53. Kd2 Rf6
54. Ke2 Re6 55. Kd2 1/2-1/2

[Event "43. Olimpiada Batumi 2018 Femenina"]
[Site "Batumi GEO"]
[Date "2018.10.01"]
[Round "7.2"]
[White "Charkhalashvili, Inga"]
[Black "Mendoza, Shania Mae"]
[Result "1-0"]
[WhiteElo "2317"]
[BlackElo "2113"]
[PlyCount "99"]
[EventDate "2018.09.24"]
[EventType "team-swiss"]
[EventRounds "11"]
[EventCountry "GEO"]
[SourceTitle "Ajedrez en Madrid"]
[Source "lmi"]
[SourceDate "2018.09.24"]
[WhiteTeam "Georgia 2"]
[BlackTeam "Philippines"]
[BlackTeamCountry "PHI"]

1. d4 d5 2. Nf3 Nf6 3. Bf4 c5 4. e3 Nc6 5. c4 e6 6. Nc3 cxd4 7. exd4 Bb4 8. Bd3
O-O 9. O-O dxc4 10. Bxc4 b6 11. a3 Be7 12. Re1 Bb7 13. Rc1 Rc8 14. Bd3 Re8 15.
Bb1 Qd7 16. Qd3 Red8 17. Rcd1 g6 18. Ba2 Nd5 19. Bg5 Kg7 20. Nxd5 exd5 21. h4
Bxg5 22. hxg5 Qg4 23. b4 Re8 24. Rxe8 Rxe8 25. Qb5 Rd8 26. Qe2 Rd7 27. Bb3 a6
28. b5 Re7 29. Qd3 Nb8 30. a4 axb5 31. axb5 Nd7 32. Qd2 Re4 33. Bc2 Re7 34. Ra1
Nf8 35. Ne5 Qe6 36. f4 Rc7 37. Bd3 Qc8 38. f5 gxf5 39. Rf1 Ng6 40. Bxf5 Qe8 41.
Bxg6 hxg6 42. Qf4 Re7 43. Qf6+ Kg8 44. Qxb6 Bc8 45. Qc5 Be6 46. b6 Rb7 47. Qd6
Kg7 48. Nd3 Qb5 49. Nc5 Qxb6 50. Nxe6+ 1-0

[Event "43. Olimpiada Batumi 2018 Femenina"]
[Site "Batumi GEO"]
[Date "2018.10.01"]
[Round "7.3"]
[White "San Diego, Marie Antoinette"]
[Black "Gvetadze, Sofio"]
[Result "1/2-1/2"]
[WhiteElo "2102"]
[BlackElo "2325"]
[PlyCount "61"]
[EventDate "2018.09.24"]
[EventType "team-swiss"]
[EventRounds "11"]
[EventCountry "GEO"]
[SourceTitle "Ajedrez en Madrid"]
[Source "lmi"]
[SourceDate "2018.09.24"]
[WhiteTeam "Philippines"]
[BlackTeam "Georgia 2"]
[WhiteTeamCountry "PHI"]

1. d4 Nf6 2. c4 c5 3. d5 g6 4. Nc3 Bg7 5. e4 O-O 6. Nf3 d6 7. h3 e6 8. Bd3 exd5
9. exd5 Re8+ 10. Be3 Nbd7 11. O-O a6 12. Qd2 Rb8 13. a4 Nh5 14. g4 Ne5 15. Nxe5
Rxe5 16. Rfe1 Qh4 17. Bf1 Bxg4 18. hxg4 Qxg4+ 19. Bg2 f5 20. Qe2 Qh4 21. Qd3
Rbe8 22. Bd2 Nf6 23. Rxe5 Rxe5 24. f4 Ng4 25. fxe5 Qf2+ 26. Kh1 Qh4+ 27. Kg1
Qf2+ 28. Kh1 Qh4+ 29. Kg1 Qf2+ 30. Kh1 Qh4+ 31. Kg1 1/2-1/2

[Event "43. Olimpiada Batumi 2018 Femenina"]
[Site "Batumi GEO"]
[Date "2018.10.01"]
[Round "7.4"]
[White "Mikadze, Miranda"]
[Black "Galas, Bernadette"]
[Result "1-0"]
[WhiteElo "2255"]
[BlackElo "2080"]
[PlyCount "75"]
[EventDate "2018.09.24"]
[EventType "team-swiss"]
[EventRounds "11"]
[EventCountry "GEO"]
[SourceTitle "Ajedrez en Madrid"]
[Source "lmi"]
[SourceDate "2018.09.24"]
[WhiteTeam "Georgia 2"]
[BlackTeam "Philippines"]
[BlackTeamCountry "PHI"]

1. e4 c5 2. Nf3 g6 3. c3 d5 4. exd5 Qxd5 5. d4 Nc6 6. Be3 Nf6 7. dxc5 Qxd1+ 8.
Kxd1 Ng4 9. Nbd2 Nxe3+ 10. fxe3 Bh6 11. Ke2 O-O 12. Kf2 Rd8 13. Nb3 Bf5 14. Be2
a6 15. Rhd1 e5 16. Nfd2 Bc2 17. Rdc1 Bxb3 18. Nxb3 e4 19. Rd1 Kf8 20. Nd2 f5
21. Nc4 Ke7 22. Rd6 Rxd6 23. cxd6+ Ke6 24. Rd1 Rd8 25. Nb6 Ne5 26. Na4 Nd7 27.
c4 Bg7 28. c5 Ne5 29. Nb6 Bf8 30. Bc4+ Kf6 31. Ke2 g5 32. b4 Nd7 33. Nd5+ Kg6
34. Nc7 Ne5 35. Ne6 Rb8 36. Bd5 Nd3 37. Nxf8+ Rxf8 38. Bxb7 1-0

[Event "43. Olimpiada Batumi 2018 Femenina"]
[Site "Batumi GEO"]
[Date "2018.10.01"]
[Round "7.1"]
[White "Saduakassova, Dinara"]
[Black "Lujan, Carolina"]
[Result "1-0"]
[WhiteElo "2474"]
[BlackElo "2350"]
[PlyCount "95"]
[EventDate "2018.09.24"]
[EventType "team-swiss"]
[EventRounds "11"]
[EventCountry "GEO"]
[SourceTitle "Ajedrez en Madrid"]
[Source "lmi"]
[SourceDate "2018.09.24"]
[WhiteTeam "Kazakhstan"]
[BlackTeam "Argentina"]
[WhiteTeamCountry "KAZ"]
[BlackTeamCountry "ARG"]

1. Nf3 Nf6 2. c4 g6 3. Nc3 d5 4. cxd5 Nxd5 5. h4 Nc6 6. d4 Bg4 7. e4 Nxc3 8.
bxc3 Bg7 9. Be2 Na5 10. Qa4+ c6 11. Be3 h5 12. Nd2 Bxe2 13. Kxe2 b5 14. Qb4 Nb7
15. a4 a5 16. Qb2 Qd7 17. axb5 cxb5 18. Rhb1 O-O 19. Qxb5 Qg4+ 20. Kf1 Nd6 21.
Qg5 Nxe4 22. Qxg4 Nxd2+ 23. Bxd2 hxg4 24. Ra4 Ra6 25. Rb5 Rfa8 26. Ke2 e6 27.
Kd3 Bf6 28. Bg5 Kg7 29. c4 R8a7 30. g3 Rd7 31. Bxf6+ Kxf6 32. Rbxa5 Rad6 33. c5
Rd5 34. c6 Rc7 35. Rxd5 exd5 36. Ra6 Kf5 37. Kc3 Ke4 38. Kb4 Kxd4 39. Kb5 Ke5
40. Kc5 d4 41. Ra8 Re7 42. Rd8 Ra7 43. Re8+ Kf6 44. Kxd4 Ra1 45. c7 Rd1+ 46.
Kc5 Rc1+ 47. Kb6 Rb1+ 48. Ka5 1-0

[Event "43. Olimpiada Batumi 2018 Femenina"]
[Site "Batumi GEO"]
[Date "2018.10.01"]
[Round "7.2"]
[White "Amura, Claudia"]
[Black "Abdumalik, Zhansaya"]
[Result "0-1"]
[WhiteElo "2249"]
[BlackElo "2482"]
[PlyCount "54"]
[EventDate "2018.09.24"]
[EventType "team-swiss"]
[EventRounds "11"]
[EventCountry "GEO"]
[SourceTitle "Ajedrez en Madrid"]
[Source "lmi"]
[SourceDate "2018.09.24"]
[WhiteTeam "Argentina"]
[BlackTeam "Kazakhstan"]
[WhiteTeamCountry "ARG"]
[BlackTeamCountry "KAZ"]

1. d4 Nf6 2. c4 g6 3. Nc3 d5 4. Nf3 Bg7 5. cxd5 Nxd5 6. e3 O-O 7. Bc4 Nxc3 8.
bxc3 Nc6 9. Ba3 Na5 10. Bd3 b6 11. O-O c5 12. dxc5 Bb7 13. Rc1 Qc7 14. cxb6
axb6 15. c4 Rfd8 16. Qc2 Bxf3 17. gxf3 Nc6 18. Qb3 Rxd3 19. Qxd3 Ne5 20. Qb3
Nxf3+ 21. Kg2 Qc6 22. e4 Nh4+ 23. Kh3 Qxe4 24. f3 Qf4 25. Rc2 Be5 26. Rg1 Nxf3
27. Rg4 Qh6+ 0-1

[Event "43. Olimpiada Batumi 2018 Femenina"]
[Site "Batumi GEO"]
[Date "2018.10.01"]
[Round "7.3"]
[White "Nakhbayeva, Guliskhan"]
[Black "Fernandez, Maria Florencia"]
[Result "1/2-1/2"]
[WhiteElo "2394"]
[BlackElo "2219"]
[PlyCount "63"]
[EventDate "2018.09.24"]
[EventType "team-swiss"]
[EventRounds "11"]
[EventCountry "GEO"]
[SourceTitle "Ajedrez en Madrid"]
[Source "lmi"]
[SourceDate "2018.09.24"]
[WhiteTeam "Kazakhstan"]
[BlackTeam "Argentina"]
[WhiteTeamCountry "KAZ"]
[BlackTeamCountry "ARG"]

1. d4 Nf6 2. c4 g6 3. Nc3 Bg7 4. e4 d6 5. Be2 O-O 6. Be3 c5 7. dxc5 dxc5 8. e5
Qxd1+ 9. Rxd1 Ng4 10. Bxc5 Bxe5 11. h3 Bxc3+ 12. bxc3 Ne5 13. Nf3 Nbd7 14. Ba3
Nxf3+ 15. Bxf3 Re8 16. Be2 Ne5 17. f4 Nc6 18. Kf2 Be6 19. g4 Na5 20. Bb4 Nc6
21. Rd2 Rac8 22. c5 Red8 23. Rhd1 Rxd2 24. Rxd2 Rd8 25. Rxd8+ Nxd8 26. c4 Nc6
27. Bc3 f5 28. g5 Kf7 29. Ke3 Bd7 30. Bf3 e6 31. h4 Be8 32. h5 1/2-1/2

[Event "43. Olimpiada Batumi 2018 Femenina"]
[Site "Batumi GEO"]
[Date "2018.10.01"]
[Round "7.4"]
[White "Martinez, Ayelen"]
[Black "Serikbay, Assel"]
[Result "0-1"]
[WhiteElo "2215"]
[BlackElo "2125"]
[PlyCount "102"]
[EventDate "2018.09.24"]
[EventType "team-swiss"]
[EventRounds "11"]
[EventCountry "GEO"]
[SourceTitle "Ajedrez en Madrid"]
[Source "lmi"]
[SourceDate "2018.09.24"]
[WhiteTeam "Argentina"]
[BlackTeam "Kazakhstan"]
[WhiteTeamCountry "ARG"]
[BlackTeamCountry "KAZ"]

1. e4 c5 2. Nf3 e6 3. d4 cxd4 4. Nxd4 a6 5. Bd3 Nf6 6. O-O d6 7. Qe2 g6 8. c4
Bg7 9. Nc3 O-O 10. Bg5 Nbd7 11. Qd2 Qc7 12. Be2 b6 13. Rfd1 Bb7 14. f3 Rfe8 15.
Rac1 Rac8 16. Nb3 Bf8 17. Qf4 Nh5 18. Qh4 Nc5 19. Nd4 h6 20. Be3 f5 21. b4 f4
22. Bxf4 Nxf4 23. Qxf4 e5 24. Qg4 exd4 25. Nd5 Qf7 26. bxc5 bxc5 27. Bd3 h5 28.
Qg5 Re5 29. Qg3 Bxd5 30. exd5 Bh6 31. Bxg6 Qg7 32. Rb1 Rf8 33. Be4 Be3+ 34. Kh1
Qxg3 35. hxg3 Bf2 36. Rb6 Bxg3 37. Rxa6 Bf2 38. Rxd6 Rf4 39. g3 Rf8 40. Rb1 Rg5
41. Rg6+ Rxg6 42. Bxg6 Bxg3 43. Bxh5 Bf4 44. Rg1+ Kh8 45. Re1 d3 46. Kg2 d2 47.
Rh1 Kg7 48. Kf2 Ra8 49. Ke2 Rxa2 50. Rg1+ Kh6 51. Rg4 Ra1 0-1

[Event "43. Olimpiada Batumi 2018 Femenina"]
[Site "Batumi GEO"]
[Date "2018.10.01"]
[Round "7.1"]
[White "Cori T., Deysi"]
[Black "Cornette, Deimante"]
[Result "1/2-1/2"]
[WhiteElo "2391"]
[BlackElo "2462"]
[PlyCount "89"]
[EventDate "2018.09.24"]
[EventType "team-swiss"]
[EventRounds "11"]
[EventCountry "GEO"]
[SourceTitle "Ajedrez en Madrid"]
[Source "lmi"]
[SourceDate "2018.09.24"]
[WhiteTeam "Peru"]
[BlackTeam "Lithuania"]
[WhiteTeamCountry "PER"]
[BlackTeamCountry "LTU"]

1. Nf3 Nf6 2. c4 e6 3. g3 c5 4. Bg2 d5 5. O-O d4 6. e3 Nc6 7. exd4 cxd4 8. d3
Bd6 9. Re1 O-O 10. Na3 Re8 11. Bg5 h6 12. Bxf6 Qxf6 13. Nd2 Qd8 14. Rc1 e5 15.
c5 Bf8 16. Qa4 Bd7 17. b4 b5 18. Nxb5 a5 19. Nd6 axb4 20. Qd1 Bxd6 21. cxd6 Ra6
22. Ne4 Rxa2 23. Nc5 Qf6 24. Qf3 Nb8 25. Qxf6 gxf6 26. Nxd7 Nxd7 27. Rc7 Rd8
28. Rb1 Ra6 29. Rxb4 Rxd6 30. Rbb7 Nf8 31. Rxf7 R8d7 32. Rfxd7 Nxd7 33. Rc7 Nf8
34. Bh3 Ne6 35. Re7 Nc5 36. Bf5 Rb6 37. h4 Rb1+ 38. Kg2 Rd1 39. h5 Nxd3 40. Bg6
Rd2 41. Re8+ Kg7 42. Re7+ Kg8 43. Re8+ Kg7 44. Re7+ Kg8 45. Re8+ 1/2-1/2

[Event "43. Olimpiada Batumi 2018 Femenina"]
[Site "Batumi GEO"]
[Date "2018.10.01"]
[Round "7.2"]
[White "Zaksaite, Salomeja"]
[Black "Paredes Bustamante, Paula Elizab"]
[Result "1/2-1/2"]
[WhiteElo "2278"]
[BlackElo "2151"]
[PlyCount "97"]
[EventDate "2018.09.24"]
[EventType "team-swiss"]
[EventRounds "11"]
[EventCountry "GEO"]
[SourceTitle "Ajedrez en Madrid"]
[Source "lmi"]
[SourceDate "2018.09.24"]
[WhiteTeam "Lithuania"]
[BlackTeam "Peru"]
[WhiteTeamCountry "LTU"]
[BlackTeamCountry "PER"]

1. e4 e5 2. Nf3 Nc6 3. Bc4 Bc5 4. d3 h6 5. c3 d6 6. d4 exd4 7. cxd4 Bb4+ 8. Bd2
Bxd2+ 9. Nbxd2 Nge7 10. d5 Ne5 11. Nxe5 dxe5 12. Nf3 Qd6 13. Qa4+ Bd7 14. Bb5
Ng6 15. O-O a6 16. Bxd7+ Qxd7 17. Qb4 O-O-O 18. Rac1 Qd6 19. Qxd6 Rxd6 20. g3
Rb6 21. Rc2 Kd7 22. Nd2 Rb4 23. Rfc1 Rc8 24. Nc4 f6 25. a3 Rb5 26. b4 b6 27. d6
c5 28. bxc5 bxc5 29. a4 Rb4 30. a5 Rc6 31. Rd1 Nf8 32. f4 exf4 33. e5 Ne6 34.
Nb6+ Kd8 35. exf6 gxf6 36. d7 Nd4 37. Rf2 f3 38. Re1 Rcxb6 39. axb6 Kxd7 40.
Kf1 Rxb6 41. Ra2 Kd6 42. Rea1 Ke5 43. Rxa6 Rxa6 44. Rxa6 c4 45. Kf2 Ke4 46.
Rxf6 c3 47. Rf8 c2 48. Rc8 Kd3 49. g4 1/2-1/2

[Event "43. Olimpiada Batumi 2018 Femenina"]
[Site "Batumi GEO"]
[Date "2018.10.01"]
[Round "7.3"]
[White "Chumpitaz, Ann"]
[Black "Batyte, Daiva"]
[Result "1-0"]
[WhiteElo "2222"]
[BlackElo "2172"]
[PlyCount "67"]
[EventDate "2018.09.24"]
[EventType "team-swiss"]
[EventRounds "11"]
[EventCountry "GEO"]
[SourceTitle "Ajedrez en Madrid"]
[Source "lmi"]
[SourceDate "2018.09.24"]
[WhiteTeam "Peru"]
[BlackTeam "Lithuania"]
[WhiteTeamCountry "PER"]
[BlackTeamCountry "LTU"]

1. e4 e6 2. d4 d5 3. e5 c5 4. c3 Nc6 5. Nf3 cxd4 6. cxd4 Nh6 7. Bd3 Nf5 8. Bxf5
exf5 9. a3 Be7 10. Nc3 Be6 11. h4 h6 12. b4 Rc8 13. Qd3 Qd7 14. Bd2 a6 15. g3
b5 16. Kf1 f6 17. exf6 Bxf6 18. Ne2 O-O 19. Nf4 Rfe8 20. Kg2 Bf7 21. h5 Re4 22.
Be3 Qe8 23. Rac1 Ne7 24. Nd2 Rxc1 25. Rxc1 Rxf4 26. Bxf4 Bxh5 27. Qe3 Nc6 28.
Nb3 g5 29. Bd6 Qd7 30. Rxc6 Bd1 31. Nc5 Qxc6 32. Qe6+ Kh7 33. Qf7+ Bg7 34. Ne6
1-0

[Event "43. Olimpiada Batumi 2018 Femenina"]
[Site "Batumi GEO"]
[Date "2018.10.01"]
[Round "7.4"]
[White "Sibajeva, Marija"]
[Black "Caballero Quijano, Mitzy Mishell"]
[Result "1-0"]
[WhiteElo "1980"]
[BlackElo "2034"]
[PlyCount "143"]
[EventDate "2018.09.24"]
[EventType "team-swiss"]
[EventRounds "11"]
[EventCountry "GEO"]
[SourceTitle "Ajedrez en Madrid"]
[Source "lmi"]
[SourceDate "2018.09.24"]
[WhiteTeam "Lithuania"]
[BlackTeam "Peru"]
[WhiteTeamCountry "LTU"]
[BlackTeamCountry "PER"]

1. e4 e6 2. d4 d5 3. Nd2 dxe4 4. Nxe4 Nd7 5. c4 Ngf6 6. Nc3 Bb4 7. Nf3 O-O 8.
a3 Bxc3+ 9. bxc3 c5 10. Be2 Qa5 11. Qc2 cxd4 12. Nxd4 Nc5 13. Rb1 Bd7 14. O-O
Rac8 15. Rb4 b6 16. Nb5 Bc6 17. Be3 Be4 18. Qa2 Rfd8 19. f3 Bd3 20. Rd1 Bxe2
21. Qxe2 Qa6 22. Nd6 Rb8 23. Bf4 Ne8 24. Nb5 Rbc8 25. Bg5 Rxd1+ 26. Qxd1 Qb7
27. Rb2 h6 28. Bf4 Qe7 29. Rd2 e5 30. Be3 Kh7 31. Rd5 Nf6 32. Rd2 Ne6 33. Qa4
e4 34. Nxa7 Ra8 35. Bxb6 exf3 36. gxf3 Nf4 37. Kf2 Qe6 38. Qc6 Nh3+ 39. Kf1
Qxc6 40. Nxc6 Rxa3 41. Bd4 Nh5 42. Ke2 N5f4+ 43. Kd1 Ra1+ 44. Kc2 Ra2+ 45. Kc1
Ra1+ 46. Kb2 Rf1 47. Nd8 Ng5 48. Ka2 Rxf3 49. c5 Ne4 50. Rc2 Nd5 51. Kb3 Kg8
52. Kc4 Ne7 53. Re2 f5 54. c6 Kf8 55. c7 Ke8 56. Nc6 Nc8 57. Bxg7 Rh3 58. Be5
Kd7 59. Nb8+ Ke6 60. Bd4 Rh5 61. Na6 Kd6 62. Rb2 Rg5 63. Rb8 Rg8 64. Be3 Kc6
65. Bxh6 Ned6+ 66. Kd3 Rg4 67. Bf8 Ra4 68. Bxd6 Rxa6 69. Rxc8 Kxd6 70. Rf8 Kxc7
71. Rxf5 Rh6 72. Rf2 1-0

[Event "43. Olimpiada Batumi 2018 Femenina"]
[Site "Batumi GEO"]
[Date "2018.10.01"]
[Round "7.1"]
[White "Eric, Jovana"]
[Black "Hoang, Thanh Trang"]
[Result "0-1"]
[WhiteElo "2261"]
[BlackElo "2423"]
[PlyCount "98"]
[EventDate "2018.09.24"]
[EventType "team-swiss"]
[EventRounds "11"]
[EventCountry "GEO"]
[SourceTitle "Ajedrez en Madrid"]
[Source "lmi"]
[SourceDate "2018.09.24"]
[WhiteTeam "Serbia"]
[BlackTeam "Hungary"]
[WhiteTeamCountry "SRB"]
[BlackTeamCountry "HUN"]

1. e4 e6 2. d4 d5 3. Nc3 Nf6 4. e5 Nfd7 5. Nce2 c5 6. c3 Nc6 7. Nf3 a5 8. a3 a4
9. h4 Nb6 10. Nf4 cxd4 11. cxd4 Nc4 12. Be2 b5 13. O-O Be7 14. g3 h6 15. h5
N6a5 16. Rb1 Qb6 17. Bd3 Nb3 18. Be3 Ba6 19. Ne1 b4 20. axb4 Bxb4 21. Nf3 Rc8
22. Kg2 Qc6 23. Qe2 O-O 24. Rh1 Nxe3+ 25. Qxe3 Bxd3 26. Nxd3 Be7 27. g4 Qc2 28.
g5 hxg5 29. h6 g6 30. Nxg5 Qd2 31. Nf3 Qxe3 32. fxe3 Rc2+ 33. Kg3 Kh7 34. Rbg1
Nd2 35. Rg2 Ne4+ 36. Kh3 Rfc8 37. Nfe1 Rxg2 38. Kxg2 Bg5 39. Rf1 Rc7 40. Rf3
Kxh6 41. Rh3+ Kg7 42. Kf3 Nd2+ 43. Kg4 Bh6 44. Nc5 Nc4 45. Nxa4 Nxe3+ 46. Kf3
Nf5 47. Nd3 Rc2 48. b4 Nxd4+ 49. Kg3 Ne2+ 0-1

[Event "43. Olimpiada Batumi 2018 Femenina"]
[Site "Batumi GEO"]
[Date "2018.10.01"]
[Round "7.2"]
[White "Gara, Anita"]
[Black "Velikic, Adela"]
[Result "1-0"]
[WhiteElo "2370"]
[BlackElo "2339"]
[PlyCount "59"]
[EventDate "2018.09.24"]
[EventType "team-swiss"]
[EventRounds "11"]
[EventCountry "GEO"]
[SourceTitle "Ajedrez en Madrid"]
[Source "lmi"]
[SourceDate "2018.09.24"]
[WhiteTeam "Hungary"]
[BlackTeam "Serbia"]
[WhiteTeamCountry "HUN"]
[BlackTeamCountry "SRB"]

1. e4 e6 2. d4 d5 3. Nd2 Be7 4. e5 c5 5. c3 Nc6 6. Bd3 cxd4 7. cxd4 Qb6 8. Ndf3
Bd7 9. Ne2 Nb4 10. Bb1 Bb5 11. O-O Qa6 12. Re1 Nd3 13. Bxd3 Bxd3 14. Nc3 Bb4
15. Re3 Bg6 16. a4 Qa5 17. Nb5 a6 18. Nd6+ Bxd6 19. exd6 Nf6 20. Bd2 Qd8 21.
Bb4 Nd7 22. Rc1 O-O 23. Rc7 Bh5 24. Qc1 Bxf3 25. Rxf3 a5 26. Ba3 e5 27. dxe5
Nxe5 28. Rg3 Nc4 29. Qh6 g6 30. Rh3 1-0

[Event "43. Olimpiada Batumi 2018 Femenina"]
[Site "Batumi GEO"]
[Date "2018.10.01"]
[Round "7.3"]
[White "Injac, Teodora"]
[Black "Gara, Ticia"]
[Result "1/2-1/2"]
[WhiteElo "2241"]
[BlackElo "2321"]
[PlyCount "134"]
[EventDate "2018.09.24"]
[EventType "team-swiss"]
[EventRounds "11"]
[EventCountry "GEO"]
[SourceTitle "Ajedrez en Madrid"]
[Source "lmi"]
[SourceDate "2018.09.24"]
[WhiteTeam "Serbia"]
[BlackTeam "Hungary"]
[WhiteTeamCountry "SRB"]
[BlackTeamCountry "HUN"]

1. Nf3 c5 2. c4 Nc6 3. Nc3 Nf6 4. g3 d5 5. cxd5 Nxd5 6. Bg2 Nc7 7. O-O e5 8. d3
Be7 9. Nd2 Bd7 10. Nc4 f6 11. f4 b5 12. Ne3 exf4 13. Rxf4 O-O 14. Ned5 Bd6 15.
Nxc7 Bxc7 16. Rf1 Rb8 17. Bf4 Nd4 18. e3 Ne6 19. Bxc7 Qxc7 20. Qh5 Ng5 21. d4
cxd4 22. exd4 Qd6 23. Rad1 Rbe8 24. Qh4 b4 25. Ne4 Nxe4 26. Bxe4 f5 27. Bf3 Bb5
28. Rf2 Re3 29. Qf4 Qxf4 30. Bd5+ Kh8 31. Rxf4 g6 32. Rf2 Rd8 33. Bg2 Kg7 34.
d5 Kf6 35. d6 Rd3 36. Rxd3 Bxd3 37. Rd2 Bc4 38. b3 Be6 39. Bc6 a5 40. Kf2 Ke5
41. d7 Kf6 42. Bb5 Ke7 43. Re2 Kd6 44. Rd2+ Kc7 45. Rc2+ Kb6 46. Rc6+ Kxb5 47.
Rxe6 Rxd7 48. Re5+ Kb6 49. Ke2 Rd6 50. Re7 h5 51. Re5 h4 52. gxh4 Rd4 53. h5
gxh5 54. Rxf5 Rh4 55. Rf2 Rh3 56. Kf1 Rd3 57. Ke2 Rc3 58. Rf6+ Kb5 59. Rf5+ Kb6
60. Rxh5 Rc2+ 61. Kd3 Rxa2 62. Rh6+ Kb5 63. Rh5+ Kc6 64. h4 Rb2 65. Rxa5 Rxb3+
66. Kc4 Rh3 67. Kxb4 Rxh4+ 1/2-1/2

[Event "43. Olimpiada Batumi 2018 Femenina"]
[Site "Batumi GEO"]
[Date "2018.10.01"]
[Round "7.4"]
[White "Lakos, Nikoletta"]
[Black "Gajcin, Marina"]
[Result "1-0"]
[WhiteElo "2258"]
[BlackElo "2170"]
[PlyCount "79"]
[EventDate "2018.09.24"]
[EventType "team-swiss"]
[EventRounds "11"]
[EventCountry "GEO"]
[SourceTitle "Ajedrez en Madrid"]
[Source "lmi"]
[SourceDate "2018.09.24"]
[WhiteTeam "Hungary"]
[BlackTeam "Serbia"]
[WhiteTeamCountry "HUN"]
[BlackTeamCountry "SRB"]

1. e4 c5 2. Nf3 d6 3. d4 cxd4 4. Qxd4 Nc6 5. Bb5 Bd7 6. Qd3 g6 7. c4 Bg7 8. O-O
Nf6 9. Nc3 O-O 10. h3 a6 11. Bxc6 Bxc6 12. Nd4 Be8 13. Be3 Nd7 14. Rac1 Rc8 15.
b3 Nc5 16. Qe2 Ne6 17. Rfd1 b5 18. Nd5 bxc4 19. Nxe6 fxe6 20. Nb6 Rc6 21. Nxc4
d5 22. Bg5 d4 23. e5 Rc5 24. Qg4 Rf5 25. Rxd4 Qc7 26. Rcd1 Bxe5 27. Nxe5 Qxe5
28. Bxe7 Rc2 29. Bh4 h5 30. Qe4 Qxe4 31. Rxe4 Bf7 32. g4 Ra5 33. Bf6 g5 34.
Rd8+ Kh7 35. gxh5 Bxh5 36. Rxe6 Bf7 37. Rb6 Raxa2 38. Bd4 Bg8 39. Rd7+ Bf7 40.
Rxf7+ 1-0

[Event "43. Olimpiada Batumi 2018 Femenina"]
[Site "Batumi GEO"]
[Date "2018.10.01"]
[Round "7.1"]
[White "Aseel, Odeh"]
[Black "Vo, Thi Kim Phung"]
[Result "0-1"]
[WhiteElo "1647"]
[BlackElo "2368"]
[PlyCount "132"]
[EventDate "2018.09.24"]
[EventType "team-swiss"]
[EventRounds "11"]
[EventCountry "GEO"]
[SourceTitle "Ajedrez en Madrid"]
[Source "lmi"]
[SourceDate "2018.09.24"]
[WhiteTeam "Jordan"]
[BlackTeam "Vietnam"]
[WhiteTeamCountry "JOR"]
[BlackTeamCountry "VIE"]

1. d4 Nf6 2. Nf3 d5 3. Bg5 Ne4 4. Bh4 c5 5. e3 Qb6 6. Qc1 cxd4 7. exd4 Nc6 8.
c3 Bf5 9. Nbd2 Rc8 10. Nb3 a5 11. Be2 e6 12. O-O Bd6 13. Nbd2 O-O 14. Re1 Rc7
15. a4 Bf4 16. Bg3 Nxg3 17. hxg3 Bh6 18. Bb5 Nb4 19. Rf1 Nc2 20. Ra2 Nb4 21.
Ra1 Rfc8 22. Kh1 Nc2 23. Ra2 Nxd4 24. Nxd4 Qxd4 25. Nb3 Qg4 26. Qe1 b6 27. Qe2
Qxe2 28. Bxe2 g5 29. Nd4 Bg6 30. Raa1 Bg7 31. Nf3 h6 32. Bb5 g4 33. Ng1 d4 34.
cxd4 Bxd4 35. Ne2 Bxb2 36. Rad1 Ba3 37. Ba6 Ra8 38. Bb5 e5 39. Rd5 f6 40. Rfd1
Bf7 41. R5d3 Bb4 42. Kg1 Kg7 43. Bd7 h5 44. Bb5 Be6 45. Kh2 Rac8 46. Ba6 Rf8
47. Bb5 Rfc8 48. Ba6 Re8 49. Bb5 Ree7 50. Rd8 Bb3 51. R1d3 Bc4 52. Bxc4 Rxc4
53. Rb8 Rc2 54. Ng1 Rxf2 55. Rc8 Bc5 56. Rdd8 e4 57. Rh8 e3 58. Rxh5 e2 59.
Rch8 e1=Q 60. R8h7+ Kf8 61. Rh8+ Kf7 62. R5h7+ Ke6 63. Rxe7+ Kxe7 64. Rh7+ Ke6
65. Rh8 Rxg2+ 66. Kxg2 Qxg1# 0-1

[Event "43. Olimpiada Batumi 2018 Femenina"]
[Site "Batumi GEO"]
[Date "2018.10.01"]
[Round "7.2"]
[White "Pham, Le Thao Nguyen"]
[Black "Raya, Alnaimat"]
[Result "1-0"]
[WhiteElo "2347"]
[BlackElo "1676"]
[PlyCount "69"]
[EventDate "2018.09.24"]
[EventType "team-swiss"]
[EventRounds "11"]
[EventCountry "GEO"]
[SourceTitle "Ajedrez en Madrid"]
[Source "lmi"]
[SourceDate "2018.09.24"]
[WhiteTeam "Vietnam"]
[BlackTeam "Jordan"]
[WhiteTeamCountry "VIE"]
[BlackTeamCountry "JOR"]

1. d4 d5 2. Nf3 Nf6 3. c4 e6 4. Nc3 Be7 5. Bf4 a6 6. cxd5 exd5 7. Qc2 O-O 8. e3
Nbd7 9. Bd3 c5 10. dxc5 Nxc5 11. O-O b5 12. Rfd1 Nxd3 13. Qxd3 Bb7 14. Nd4 b4
15. Nce2 Ne4 16. f3 Nc5 17. Qd2 Qb6 18. Rac1 g6 19. Rc2 Rac8 20. Rdc1 a5 21.
Be5 f6 22. Bg3 Rfe8 23. Nf4 g5 24. Nfe2 Ne6 25. Nf5 Bc5 26. Ned4 Nxd4 27. exd4
Bf8 28. Bc7 Qe6 29. g4 a4 30. b3 axb3 31. axb3 Ra8 32. Bg3 h5 33. Rc7 hxg4 34.
Qc2 Ba6 35. Nh6+ 1-0